SEÇME HİKAYELER ÖMER SEYFETTİN ANTİK OKUL KLASİ (Record no. 1093569)

MARC details
000 -LEADER
sabit uzunluktaki kontrol alanı 00293nam a2200097Ia 4500
001 - KONTROL NUMARASI
kontrol alanı 1093569
005 - EN SON İŞLEMİN TARİH VE ZAMANI
kontrol alanı 20250827002939.0
008 - SABİT-UZUNLUKTA VERİ ÖĞELERİ--GENEL BİLGİ
sabit uzunluktaki kontrol alanı 250824s9999 xx 000 0 und d
245 #0 - ESER / YAZAR
ESER ADI SEÇME HİKAYELER ÖMER SEYFETTİN ANTİK OKUL KLASİ
Yazar Adı ÖMER SEYFETTİN
260 ## - YAYIN, DAĞITIM, VB.
YAYIN EVİ ANTİK DÜNYA KLASİKLERİ
Holdings
Düşüm durumu Kayıp durumu Hasar Durumu Ödünç verilmez Ana kütüphane Geçerli Kütüphane Edinilen tarih Toplam ödünç verme sayısı Barkod Son görüntüleme tarihi Son ödünç verme tarihi Fiyatın geçerli olmaya başladığı tarih Koha materyal türü
        MUSTAFA BÜYÜKKAPLAN İMAM HATİP ORTAOKULU (ERKEK) MUSTAFA BÜYÜKKAPLAN İMAM HATİP ORTAOKULU (ERKEK) 24.08.2025 1 1005182 02.01.2026 14.10.2025 27.08.2025 Books